Countries With The Most Debt In 2018 (USD) - Statistics

General Stats
  • This quiz has been taken 33 times
  • The average score is 9 of 10
Answer Stats
Debt Country % Correct
19.947tril USA
100%
2.375tril France
97%
11.813tril Japan
97%
2.343tril United Kingdom
97%
2.454tril Italy
94%
2.491tril Germany
91%
4.976tril China
88%
893billion Canada
85%
1.501tril Brazil
82%
1.103tril India
79%
No matching quizzes found
Score Distribution
Percent of People with Each Score
Percentile by Number Answered
Your Score History
You have not taken this quiz